|
|
|
|
| LEADER |
00000cam a22000004a 4500 |
| 001 |
musev2_41516 |
| 003 |
MdBmJHUP |
| 005 |
20230905044342.0 |
| 006 |
m o d |
| 007 |
cr||||||||nn|n |
| 008 |
150302t20152015wiu o 00 0 eng d |
| 020 |
|
|
|a 9780299305536
|
| 020 |
|
|
|z 9780299305505
|
| 020 |
|
|
|z 9780299313241
|
| 035 |
|
|
|a (OCoLC)917853709
|
| 040 |
|
|
|a MdBmJHUP
|c MdBmJHUP
|
| 100 |
1 |
|
|a Karn, Alexander.
|
| 245 |
1 |
0 |
|a Amending the Past :
|b Europe's Holocaust Commissions and the Right to History /
|c Alexander Karn.
|
| 264 |
|
1 |
|a Madison, Wisconsin :
|b The University of Wisconsin Press,
|c [2015]
|
| 264 |
|
3 |
|a Baltimore, Md. :
|b Project MUSE,
|c 2015
|
| 264 |
|
4 |
|c ©[2015]
|
| 300 |
|
|
|a 1 online resource (336 pages).
|
| 336 |
|
|
|a text
|b txt
|2 rdacontent
|
| 337 |
|
|
|a computer
|b c
|2 rdamedia
|
| 338 |
|
|
|a online resource
|b cr
|2 rdacarrier
|
| 490 |
0 |
|
|a Critical human rights
|
| 505 |
0 |
|
|a Acknowledgments; List of Abbreviations; Introduction: Confronting the Holocaust as Historical Injustice; Part I . National Holocaust Commissions; 1. France and Switzerland: Myths of Resistance and Neutrality; 2. Poles and Jews: Mediating the Jedwabne Conflict; 3. Austria and Italy: The Reich and Its Allies; 4. Lithuania and Latvia: The Limitsof "Double Genocide"; Part II. Bilateral and International Commissions; 5. Germany and Its Neighbors; 6. The International Commission on Holocaust-Era Insurance Claims; 7. The International Catholic-Jewish Historical Commission.
|
| 505 |
0 |
|
|a Conclusion: Truth-Telling, Narrativity, and the Right to HistoryNotes; Index.
|
| 546 |
|
|
|a English.
|
| 588 |
|
|
|a Description based on print version record.
|
| 650 |
|
7 |
|a Truth commissions.
|2 fast
|0 (OCoLC)fst01158251
|
| 650 |
|
7 |
|a Historiography.
|2 fast
|0 (OCoLC)fst00958221
|
| 650 |
|
7 |
|a HISTORY
|z Europe
|x Western.
|2 bisacsh
|
| 650 |
|
6 |
|a Holocauste, 1939-1945
|x Historiographie.
|
| 650 |
|
6 |
|a Commissions verite et reconciliation
|z Europe.
|
| 650 |
|
0 |
|a Holocaust, Jewish (1939-1945)
|x Historiography.
|
| 650 |
|
0 |
|a Truth commissions
|z Europe.
|
| 651 |
|
7 |
|a Europe.
|2 fast
|0 (OCoLC)fst01245064
|
| 655 |
|
7 |
|a Electronic books.
|2 local
|
| 710 |
2 |
|
|a Project Muse.
|e distributor
|
| 830 |
|
0 |
|a Book collections on Project MUSE.
|
| 856 |
4 |
0 |
|z Texto completo
|u https://projectmuse.uam.elogim.com/book/41516/
|
| 945 |
|
|
|a Project MUSE - Custom Collection
|
| 945 |
|
|
|a Project MUSE - 2015 History
|
| 945 |
|
|
|a Project MUSE - 2015 Complete
|
| 945 |
|
|
|a Project MUSE - 2015 Jewish Studies
|